[Event "HUN-chT2 0102"]
[Site "Hungary"]
[Date "2001.09.30"]
[Round "1"]
[White "Berebora, Ferenc"]
[Black "Kundrak, Gabor"]
[Result "1-0"]
[WhiteElo "2404"]
[BlackElo "2248"]
[PlyCount "81"]
[EventDate "2001.??.??"]
[EventType "team"]
[EventRounds "11"]
[EventCountry "HUN"]
[SourceTitle "EXT 2004"]
[Source "ChessBase"]
[SourceDate "2003.11.25"]
[SourceVersion "1"]
[SourceVersionDate "2003.11.25"]
[SourceQuality "1"]

1. c4 e5 2. Nc3 Nc6 3. Nf3 Nf6 4. a3 a5 5. d4 exd4 6. Nxd4 Bc5 7. Ndb5 0-0 8. Bf4 d6 9. e3 h6 10. Be2 Ne7 11. 0-0 g5 12. Bg3 Nf5 13. Na4 Nxg3 14. hxg3 c6 15. Nd4 Qe7 16. Qd3 Qe4 17. Rad1 Re8 18. Nb3 Qxd3 19. Rxd3 Bf5 20. Nbxc5 dxc5 21. Rd6 Ne4 22. Rdd1 Re5 23. g4 Bh7 24. Rd7 Rb8 25. Rfd1 Ree8 26. Bd3 b5 27. cxb5 cxb5 28. Bxe4 Rxe4 29. Nxc5 Rxg4 30. Ra7 Rc4 31. Nd7 Rbc8 32. Nf6+ Kg7 33. Nxh7 Kxh7 34. Rdd7 a4 35. Rxf7+ Kg6 36. Rfb7 Rc1+ 37. Kh2 R1c2 38. Ra6+ Kh5 39. Rbb6 Rxb2 40. Rxh6+ Kg4 41. Raf6 1-0